| 000 | 00951naa a22002657a 4500 | ||
|---|---|---|---|
| 001 | BR7405012 | ||
| 003 | BR-BrBNA | ||
| 005 | 20240918173557.0 | ||
| 007 | ta | ||
| 008 | 230509b bl.||||| |||| 00| 0 por d | ||
| 040 |
_aBR-BrBNA _bpor _cBiblioteca Nacional de Agricultura |
||
| 041 | _a(Pt) | ||
| 072 |
_aK10 _b3100 _bG514 |
||
| 090 | _aK10 BR7405012 | ||
| 100 | 1 | _aPinheiro, J.G. | |
| 111 | 1 |
_a2. Congresso Florestal Brasileiro _cCuritiba, PR (Brazil) _d17 Sep 1973 |
|
| 245 | 1 | _aSemeadura mecanizada de Araucaria [Araucaria angustifolia, Brasil] | |
| 260 | 3 |
_aCuritiba, PR (Brasil): _c1974. |
|
| 500 | _aAnais do 2. Congresso Florestal Brasileiro Curitiba, PR (Brasil): 1974. p. 92-95 (BR7405012-AM)K10 | ||
| 650 | _aARAUCARIA | ||
| 650 | _aSEMEADURA MECANICA | ||
| 773 | 0 |
_tAnais do 2. Congresso Florestal Brasileiro _wK10 BR7405012 _gCuritiba, PR (Brasil), 1974. p. 92-95 |
|
| 909 |
_a202404 _bLucia _c55 _dLucia Elande |
||
| 942 |
_cAM _2AGRIS |
||
| 999 |
_c305524 _d305524 |
||